| 000 | 01790nam a22003737a 4500 | ||
|---|---|---|---|
| 003 | EG-ScBUE | ||
| 005 | 20211011121459.0 | ||
| 008 | 111206k19701973ua f b 001 0 ara d | ||
| 017 | _a1973/4621 | ||
| 040 |
_aEG-ScBUE _bara _erda _cEG-ScBUE _dEG-ScBUE |
||
| 082 | 0 | 4 |
_a892.713 _bأ ب و _222 |
| 100 | 1 |
_927992 _aأبو الفرج الأصبهاني، علي بن الحسين، _d284-356 هـ.، _eمؤلف. |
|
| 245 | 1 | 0 |
_aكتاب الأغاني / _cلأبي الفرج الأصفهاني ؛ إشراف محمد أبو الفضل إبراهيم ؛ تحقيق علي السباعي، عبد الكريم العزباوي، محمود غنيم. |
| 264 | 1 |
_aالقاهرة : _bالهيئة المصرية العامة للكتاب، _c1970-1973. |
|
| 300 |
_a24 مجلد ؛ _c28 سم. |
||
| 336 |
_2rdacontent _aنص _btxt |
||
| 337 |
_2rdamedia _aبدون وسيط _bn |
||
| 338 |
_2rdacarrier _aمجلد _bnc |
||
| 490 | 0 | _aالمكتبة العربية | |
| 504 | _aيشتمل على إرجاعات ببليوجرافية وكشافات. | ||
| 505 | _aالجزء الثاني والعشرون | ||
| 541 | _aإهداء. | ||
| 650 | 7 |
_927994 _aالشعر الغنائي _yالعصر العباسي، 750-1258. _2BUEsh |
|
| 650 | 7 |
_927995 _aالشعر العربي _yالعصر العباسي الثاني، 846-954. _2BUEsh |
|
| 650 | 7 |
_929238 _aالشعر العربي _yالعصر الأموي _xتاريخ. _2BUEsh |
|
| 651 | _2BUEsh | ||
| 653 |
_cDecember2011 _bARALIT |
||
| 655 |
_vReading book _934232 |
||
| 700 | 1 |
_927993 _aإبراهيم، محمد أبو الفضل، _eمشرف. |
|
| 700 | 1 |
_aالسباعي، علي، _eمحقق. |
|
| 700 | 1 |
_aالعزباوي، عبد الكريم، _eمحقق. |
|
| 700 | 1 |
_aغنيم، محمود، _eمحقق. |
|
| 942 |
_2ddc _cBB |
||
| 999 |
_c16294 _d16294 |
||